| 000 | 00762nam a2200241 i 4500 | ||
|---|---|---|---|
| 001 | bg | ||
| 100 | 1 | _aWIĘZIK, Beniamin | |
| 245 | 1 | 0 |
_aĆwiczenia terenowe z hydrologii / _cBeniamin Więzik, Agnieszka Bardzik ; Politechnika Krakowska im. Tadeusza Kościuszki. |
| 260 |
_aKraków : _bPK, _c1993 _e(Krak. : _fPK). |
||
| 300 |
_a118 s. : _brys., wykr. ; _c24 cm. |
||
| 504 | _aBibliogr. s. 80. | ||
| 521 | _aSkrypt dla studentów wyższych szkół technicznych. | ||
| 650 | 9 | _aHydrologia | |
| 655 | _aPodręczniki akademickie | ||
| 700 | 1 | _aBARDZIK, Agnieszka | |
| 710 | _aPOLITECHNIKA KRAKOWSKA (Kraków) | ||
| 015 | _aPB 6854/94 | ||
| 040 | _cBPK | ||
| 041 | 0 | _apl | |
| 080 | _a556(075.8) | ||
| 942 | _cKS | ||
| 008 | s pl f |000 0 pol | ||
| 999 |
_c6320 _d6320 |
||
| 856 |
_uhttp://koha.tu.koszalin.pl/cgi-bin/koha/opac-detail.pl?biblionumber=6320 _yKatalog online BPK |
||